000
00437nam a2200145Ia 4500
008
090122s9999 xx 000 0 und d
082
_b
8424
_a
891.463
100
_a
वकील
_b
सुप्रिया
_c
-
245
_a
फरारी प्रेमिक
600
_a
वकील
630
_a
फरारी प्रेमिक
700
_a
वकील
730
_a
फरारी प्रेमिक
942
_c
BOOK
999
_c
32501
_d
32501